[Event "GRE-chT 46th"]
[Site "Rio Achaia"]
[Date "2018.07.13"]
[Round "5.5"]
[White "Kotsoglou, Evi"]
[Black "Grafakou, Sotiria Aphrodite"]
[Result "0-1"]
[WhiteElo "1424"]
[BlackElo "1617"]
[PlyCount "50"]
[EventDate "2018.07.10"]
[EventType "team"]
[EventRounds "7"]
[EventCountry "GRE"]
[SourceTitle "CBM 185 Extra"]
[Source "ChessBase"]
[SourceDate "2018.07.29"]
[SourceVersion "1"]
[SourceVersionDate "2018.07.29"]
[SourceQuality "1"]
[WhiteTeam "The Christ of Chania"]
[BlackTeam "Heraklion Contact"]
[WhiteTeamCountry "GRE"]
[BlackTeamCountry "GRE"]

1. e4 c5 2. Nf3 Nc6 3. d4 cxd4 4. Nxd4 e5 5. Ne2 Nf6 6. Nbc3 Bc5 7. h3 Qb6 8. Be3 Bxe3 9. fxe3 Qxe3 10. Qd2 Qxd2+ 11. Kxd2 d6 12. Rd1 Be6 13. Kc1 0-0-0 14. g3 d5 15. exd5 Nxd5 16. Nxd5 Bxd5 17. Rg1 Bf3 18. Re1 Rhe8 19. Nc3 Nd4 20. g4 e4 21. Bg2 e3 22. b3 Re5 23. Bh1 Rde8 24. Rg3 Bxh1 25. Rxh1 Rc5 0-1

[Event "GRE-chT 46th"]
[Site "Rio Achaia"]
[Date "2018.07.11"]
[Round "3.9"]
[White "Ilia, Anastasia"]
[Black "Kotsoglou, Evi"]
[Result "1-0"]
[WhiteElo "1348"]
[BlackElo "1424"]
[PlyCount "113"]
[EventDate "2018.07.10"]
[EventType "team"]
[EventRounds "7"]
[EventCountry "GRE"]
[SourceTitle "CBM 185 Extra"]
[Source "ChessBase"]
[SourceDate "2018.07.29"]
[SourceVersion "1"]
[SourceVersionDate "2018.07.29"]
[SourceQuality "1"]
[WhiteTeam "Papagou AS"]
[BlackTeam "The Christ of Chania"]
[WhiteTeamCountry "GRE"]
[BlackTeamCountry "GRE"]

1. e4 e5 2. Nf3 Nc6 3. Bc4 Nf6 4. d3 h6 5. c3 d6 6. 0-0 Be7 7. Re1 Na5 8. Bb5+ Nc6 9. Nbd2 0-0 10. Nf1 Nh7 11. Ng3 Kh8 12. h3 f5 13. exf5 Bxf5 14. Nxf5 Rxf5 15. d4 exd4 16. Bxc6 bxc6 17. Nxd4 Rf7 18. Nxc6 Qf8 19. Nxe7 Rxe7 20. Rxe7 Qxe7 21. Be3 Nf6 22. Qf3 Rb8 23. b3 a6 24. Re1 d5 25. Qf5 c6 26. Bd2 Ne4 27. Qf4 Rf8 28. Qe3 Qh4 29. Rf1 Rf6 30. f4 Rg6 31. Be1 Qh5 32. g4 Qf5 33. Kh2 Qd7 34. f5 Rf6 35. Bg3 Qf7 36. Be5 Qd7 37. Bxf6 Qd6+ 38. Qf4 Qxf6 39. c4 Qb2+ 40. Kg1 Qd4+ 41. Kh1 Qb2 42. cxd5 cxd5 43. Qh2 Qc3 44. Rg1 Qe3 45. Qg2 d4 46. h4 d3 47. g5 Nf2+ 48. Kh2 Qf4+ 49. Qg3 Ng4+ 50. Kh3 Nf2+ 51. Kg2 Qe4+ 52. Qf3 d2 53. Kxf2 Qd4+ 54. Qe3 Qxh4+ 55. Ke2 Qh2+ 56. Kd1 Qd6 57. Qe8+ 1-0

[Event "GRE-chT 46th"]
[Site "Rio Achaia"]
[Date "2018.07.10"]
[Round "1.11"]
[White "Stellaki, Alexandra"]
[Black "Kotsoglou, Evi"]
[Result "1/2-1/2"]
[WhiteElo "1241"]
[BlackElo "1424"]
[PlyCount "69"]
[EventDate "2018.07.10"]
[EventType "team"]
[EventRounds "7"]
[EventCountry "GRE"]
[SourceTitle "CBM 185 Extra"]
[Source "ChessBase"]
[SourceDate "2018.07.29"]
[SourceVersion "1"]
[SourceVersionDate "2018.07.29"]
[SourceQuality "1"]
[WhiteTeam "Panellinios GA"]
[BlackTeam "The Christ of Chania"]
[WhiteTeamCountry "GRE"]
[BlackTeamCountry "GRE"]

1. d4 d5 2. Bf4 Nf6 3. e3 Bf5 4. Bd3 Bg6 5. Nf3 Nbd7 6. c3 e6 7. 0-0 Be7 8. h3 c5 9. Bxg6 hxg6 10. Nbd2 0-0 11. Re1 Rc8 12. Ne5 a6 13. Nxd7 Qxd7 14. Nf3 b5 15. dxc5 Bxc5 16. a3 Rfe8 17. Ne5 Qb7 18. Qf3 Ne4 19. Rad1 a5 20. Nd3 Bf8 21. Qe2 b4 22. cxb4 axb4 23. f3 Nf6 24. axb4 Bxb4 25. Nxb4 Qxb4 26. Be5 Qb3 27. Qd3 Qb4 28. Bc3 Qb8 29. f4 Ne4 30. Bd4 Rc4 31. Rc1 Rec8 32. Rxc4 Rxc4 33. Rb1 Rb4 34. Bc3 Rc4 35. Bd4 1/2-1/2

[Event "GRE-chT 45th"]
[Site "Achaia"]
[Date "2017.07.08"]
[Round "7.14"]
[White "Seretaki, Konstantina"]
[Black "Kotsoglou, Evi"]
[Result "1/2-1/2"]
[WhiteElo "1572"]
[BlackElo "1409"]
[PlyCount "101"]
[EventDate "2017.07.03"]
[EventType "team-swiss"]
[EventRounds "7"]
[EventCountry "GRE"]
[SourceTitle "CBM 179 Extra"]
[Source "ChessBase"]
[SourceDate "2017.08.23"]
[SourceVersion "1"]
[SourceVersionDate "2017.08.23"]
[SourceQuality "1"]
[WhiteTeam "New Filadelfeias"]
[BlackTeam "Chania Kydon AO"]
[WhiteTeamCountry "GRE"]
[BlackTeamCountry "GRE"]

1. d4 d5 2. c4 c6 3. Nf3 Nf6 4. Nc3 e6 5. Bg5 Be7 6. e3 Nbd7 7. Rc1 0-0 8. c5 Qc7 9. b4 e5 10. Nxe5 Nxe5 11. Bf4 Nfd7 12. dxe5 Nxe5 13. Be2 Bf6 14. 0-0 Qe7 15. a3 Re8 16. Re1 a6 17. Nb1 Bf5 18. Bxe5 Bxe5 19. Nd2 Bb2 20. Nf3 Bxc1 21. Qxc1 Be4 22. Qd1 Qf6 23. Nd4 Qg6 24. Bf3 Rad8 25. g3 Re7 26. a4 Rde8 27. Bg2 Bxg2 28. Kxg2 Re4 29. Kf1 Qf6 30. Qd3 h5 31. h4 Qg6 32. Qd1 Qg4 33. Qxg4 hxg4 34. Rb1 Rc8 35. b5 axb5 36. axb5 g6 37. bxc6 bxc6 38. Rb6 Kf8 39. Rb7 Re7 40. Rb6 Rec7 41. Kg2 Ke7 42. f3 gxf3+ 43. Kxf3 Kf6 44. Kf4 Ke7 45. Kg5 Kd7 46. Kf4 Re8 47. g4 Re4+ 48. Kf3 Rc8 49. Rb7+ Rc7 50. Rb6 Rc8 51. Rb7+ 1/2-1/2

[Event "GRE-chT 45th"]
[Site "Achaia"]
[Date "2017.07.04"]
[Round "2.10"]
[White "Zacharia, Aikaterini Eirini"]
[Black "Kotsoglou, Evi"]
[Result "0-1"]
[WhiteElo "1230"]
[BlackElo "1409"]
[PlyCount "78"]
[EventDate "2017.07.03"]
[EventType "team-swiss"]
[EventRounds "7"]
[EventCountry "GRE"]
[SourceTitle "CBM 179 Extra"]
[Source "ChessBase"]
[SourceDate "2017.08.23"]
[SourceVersion "1"]
[SourceVersionDate "2017.08.23"]
[SourceQuality "1"]
[WhiteTeam "Rhodes Knight"]
[BlackTeam "Chania Kydon AO"]
[WhiteTeamCountry "GRE"]
[BlackTeamCountry "GRE"]

1. e4 e5 2. Nf3 Nc6 3. Bc4 Bc5 4. c3 Nf6 5. d4 exd4 6. e5 d5 7. Bb5 Ne4 8. cxd4 Bb4+ 9. Bd2 Nxd2 10. Nbxd2 Bd7 11. 0-0 0-0 12. Bxc6 Bxc6 13. a3 Be7 14. Re1 Bd7 15. b4 a5 16. Qb3 axb4 17. axb4 Rxa1 18. Rxa1 c6 19. Ne1 Qb6 20. Nc2 Bf5 21. Nf3 f6 22. e6 Re8 23. Re1 Bd6 24. h3 Rxe6 25. Ra1 Re8 26. Re1 Rxe1+ 27. Nfxe1 Qd8 28. Qf3 Be4 29. Qb3 Qe7 30. f3 Bg6 31. g4 Qe2 32. h4 Bg3 33. Qe3 Qxe3+ 34. Nxe3 Bxe1 35. h5 Bf7 36. Nc2 Bd2 37. Kf2 g6 38. Ke2 Bh6 39. hxg6 Bxg6 0-1

[Event "GRE-chT 44th"]
[Site "Achaia"]
[Date "2016.07.09"]
[Round "6.6"]
[White "Psofimi, Milia"]
[Black "Kotsoglou, Evi"]
[Result "1-0"]
[WhiteElo "1460"]
[BlackElo "1519"]
[PlyCount "63"]
[EventDate "2016.07.05"]
[EventType "team-swiss"]
[EventRounds "7"]
[EventCountry "GRE"]
[SourceTitle "CBM 173 Extra"]
[Source "ChessBase"]
[SourceDate "2016.08.29"]
[SourceVersion "1"]
[SourceVersionDate "2016.08.29"]
[SourceQuality "1"]
[WhiteTeam "Peiraikos PG"]
[BlackTeam "Chania Kydon"]
[WhiteTeamCountry "GRE"]
[BlackTeamCountry "GRE"]

1. e4 e5 2. Nf3 Nc6 3. d4 exd4 4. Nxd4 Bc5 5. Be3 Bb6 6. Nc3 d6 7. Bb5 Bd7 8. Qd2 Nf6 9. f3 Ne5 10. Be2 Ba5 11. Nb3 Bb6 12. Bxb6 axb6 13. g4 h6 14. 0-0-0 Bc6 15. Nd4 Qd7 16. Nf5 Rg8 17. h4 0-0-0 18. g5 hxg5 19. hxg5 Ne8 20. f4 Bxe4 21. Nxe4 Qxf5 22. Ng3 Qe6 23. fxe5 Qxe5 24. Rhg1 Kb8 25. Qd5 Qe7 26. Bc4 Rf8 27. Rde1 Qd7 28. Nf5 c6 29. Qf3 d5 30. Bd3 g6 31. Qf4+ Nc7 32. Re7 1-0

[Event "GRE-chT 43rd"]
[Site "Porto Rio"]
[Date "2015.10.08"]
[Round "2.3"]
[White "Kotsoglou, Evi"]
[Black "Papathanasiou, Aggeliki"]
[Result "0-1"]
[WhiteElo "1501"]
[BlackElo "1775"]
[PlyCount "72"]
[EventDate "2015.10.08"]
[EventType "team-swiss"]
[EventRounds "7"]
[EventCountry "GRE"]
[SourceTitle "CBM 168 Extra"]
[Source "ChessBase"]
[SourceDate "2015.10.29"]
[SourceVersion "1"]
[SourceVersionDate "2015.10.29"]
[SourceQuality "1"]
[WhiteTeam "Chania Kydon"]
[BlackTeam "Thessaloniki"]
[WhiteTeamCountry "GRE"]
[BlackTeamCountry "GRE"]

1. e4 c5 2. Nf3 a6 3. d4 cxd4 4. Nxd4 b5 5. g3 Bb7 6. Bg2 Nf6 7. Nc3 e6 8. Qd3 d6 9. a3 Nbd7 10. 0-0 Be7 11. Bg5 0-0 12. Rfe1 Rc8 13. Qe2 Nc5 14. Rad1 Nfd7 15. Bxe7 Qxe7 16. Nf3 Nb6 17. Rb1 Nc4 18. Nd2 Nd7 19. Nxc4 Rxc4 20. Rbd1 Ne5 21. Rd2 Rc7 22. Rdd1 Nc4 23. Rb1 Nxa3 24. bxa3 Rxc3 25. Rb3 Rfc8 26. Rxc3 Rxc3 27. Ra1 Qc7 28. Ra2 Qc5 29. Qd2 Rxa3 30. Rxa3 Qxa3 31. Qd1 Qc5 32. Qd3 a5 33. Bf1 Bc6 34. Kg2 a4 35. f3 a3 36. Qb3 g6 0-1

[Event "GRE-ch U16 Girls"]
[Site "Rio Achaia"]
[Date "2015.07.01"]
[Round "6.4"]
[White "Kotsoglou, Evi"]
[Black "Galani, Anna"]
[Result "0-1"]
[WhiteElo "1437"]
[BlackElo "1428"]
[PlyCount "55"]
[EventDate "2015.06.26"]
[EventType "swiss"]
[EventRounds "9"]
[EventCountry "GRE"]
[SourceTitle "EXT 2024"]
[Source "ChessBase"]
[SourceDate "2023.10.10"]
[SourceVersion "1"]
[SourceVersionDate "2023.10.10"]
[SourceQuality "1"]

1. e4 c5 2. Nc3 Nc6 3. g3 g6 4. Bg2 Bg7 5. f4 d6 6. Nf3 e6 7. d3 Nge7 8. 0-0 0-0 9. Be3 b6 10. d4 d5 11. exd5 Nf5 12. Bf2 Ncxd4 13. g4 Nxf3+ 14. Bxf3 Nd4 15. dxe6 Bxe6 16. Bg2 Rc8 17. Re1 Qd7 18. h3 h5 19. gxh5 Bxh3 20. Ne4 Bxg2 21. Kxg2 Qc6 22. c3 Ne6 23. Kg3 Bh6 24. Ng5 Nxf4 25. Qg4 Qg2+ 26. Kxf4 Qxf2+ 27. Ke4 f5+ 28. Ke5 0-1

[Event "GRE-ch U16 Girls"]
[Site "Rio Achaia"]
[Date "2015.06.29"]
[Round "4.3"]
[White "Liapi Zenebisi, Filippa Areti"]
[Black "Kotsoglou, Evi"]
[Result "1-0"]
[WhiteElo "1561"]
[BlackElo "1437"]
[PlyCount "73"]
[EventDate "2015.06.26"]
[EventType "swiss"]
[EventRounds "9"]
[EventCountry "GRE"]
[SourceTitle "EXT 2024"]
[Source "ChessBase"]
[SourceDate "2023.10.10"]
[SourceVersion "1"]
[SourceVersionDate "2023.10.10"]
[SourceQuality "1"]

1. d4 d5 2. c4 c6 3. Nf3 Nf6 4. Nbd2 Nbd7 5. g3 e6 6. Bg2 Be7 7. 0-0 dxc4 8. Nxc4 b5 9. Nce5 Bb7 10. Nxd7 Nxd7 11. Qb3 a6 12. Rd1 Qb6 13. Be3 Qc7 14. Rac1 0-0 15. Bf4 Qb6 16. Ng5 Kh8 17. Nxf7+ Rxf7 18. Qxe6 Raf8 19. Qxd7 Bg5 20. Qd6 Bxf4 21. gxf4 Rxf4 22. Bf3 R4f6 23. Qc5 Qd8 24. d5 Rf5 25. Rc3 cxd5 26. Qc7 Qg5+ 27. Bg2 R5f7 28. Rg3 Qf5 29. Qc5 Qxf2+ 30. Qxf2 Rxf2 31. Bf3 R2xf3 32. Rxf3 Rxf3 33. exf3 Kg8 34. Kf2 Kf7 35. Rc1 Kf6 36. Rc7 Ba8 37. Ra7 1-0

[Event "GRE-ch U16 Girls"]
[Site "Rio Achaia"]
[Date "2015.06.27"]
[Round "2.3"]
[White "Vasileiou, Aimilia"]
[Black "Kotsoglou, Evi"]
[Result "1-0"]
[WhiteElo "1526"]
[BlackElo "1437"]
[PlyCount "95"]
[EventDate "2015.06.26"]
[EventType "swiss"]
[EventRounds "9"]
[EventCountry "GRE"]
[SourceTitle "EXT 2024"]
[Source "ChessBase"]
[SourceDate "2023.10.10"]
[SourceVersion "1"]
[SourceVersionDate "2023.10.10"]
[SourceQuality "1"]

1. d4 d5 2. c4 c6 3. cxd5 cxd5 4. Nc3 Nf6 5. Nf3 Bf5 6. Qb3 Qb6 7. Qxb6 axb6 8. Bf4 e6 9. Nb5 Bb4+ 10. Nd2 Na6 11. a3 Bxd2+ 12. Bxd2 0-0 13. Nd6 Bg6 14. Rc1 Ne4 15. Nxe4 Bxe4 16. f3 Bg6 17. e3 Rac8 18. Rxc8 Rxc8 19. Bc3 Kf8 20. Kd2 Ke7 21. Be2 Nb8 22. Rc1 Nc6 23. Bb4+ Kd7 24. Bb5 f6 25. h4 e5 26. Bc3 Ke6 27. dxe5 fxe5 28. f4 exf4 29. exf4 Be4 30. g4 Bf3 31. Re1+ Kd6 32. g5 Rc7 33. Bxc6 Rxc6 34. Bxg7 Be4 35. Be5+ Ke6 36. Rc1 Kf5 37. h5 Ke6 38. Rc3 Kf5 39. Ke3 Ke6 40. Kd4 b5 41. Rc5 Bf5 42. Rxc6+ bxc6 43. Kc5 Kd7 44. b3 Bc2 45. a4 bxa4 46. bxa4 Bxa4 47. g6 hxg6 48. h6 1-0

[Event "GRE-ch U16 Girls"]
[Site "Rio Achaia"]
[Date "2015.06.26"]
[Round "1.2"]
[White "Kotsoglou, Evi"]
[Black "Kokkota, Fotini"]
[Result "1-0"]
[WhiteElo "1437"]
[BlackElo "1666"]
[PlyCount "97"]
[EventDate "2015.06.26"]
[EventType "swiss"]
[EventRounds "9"]
[EventCountry "GRE"]
[SourceTitle "EXT 2024"]
[Source "ChessBase"]
[SourceDate "2023.10.10"]
[SourceVersion "1"]
[SourceVersionDate "2023.10.10"]
[SourceQuality "1"]

1. e4 c5 2. Nc3 Nc6 3. g3 g6 4. Bg2 Bg7 5. f4 d6 6. Nf3 e6 7. 0-0 Nge7 8. d3 0-0 9. Be3 b6 10. d4 d5 11. exd5 Nf5 12. Bf2 Ncxd4 13. Nxd4 Nxd4 14. dxe6 Bxe6 15. Re1 Rc8 16. Ne4 Qd7 17. c3 Bg4 18. Qd2 Nb5 19. Qxd7 Bxd7 20. Rad1 Be6 21. Nd6 Nxd6 22. Rxd6 Bxa2 23. Rd7 a5 24. Rb7 Rb8 25. Ree7 Bf6 26. Red7 Rxb7 27. Rxb7 Bd8 28. Bc6 Be6 29. Kf1 f6 30. Be3 Rf7 31. Rb8 Rf8 32. Rb7 Bc8 33. Bd5+ Kh8 34. Ra7 Re8 35. Bd2 Re7 36. Ra8 Bh3+ 37. Kf2 Rd7 38. c4 Kg7 39. Bc3 Kh6 40. Kf3 Rd6 41. g4 Bf1 42. Ra7 g5 43. fxg5+ Kxg5 44. Bd2+ Kg6 45. Be4+ f5 46. Bxf5+ Kf6 47. Bc3+ Kg5 48. h4+ Kh6 49. Rxh7# 1-0

[Event "GRE-ch U16 Girls"]
[Site "Greece"]
[Date "2014.07.10"]
[Round "7"]
[White "Kotsoglou, Evi"]
[Black "Lalou, Konstantina"]
[Result "1/2-1/2"]
[WhiteElo "1343"]
[BlackElo "1264"]
[PlyCount "46"]
[EventDate "2014.07.04"]
[EventType "swiss"]
[EventRounds "9"]
[EventCountry "GRE"]
[SourceTitle "EXT 2017"]
[Source "ChessBase"]
[SourceDate "2016.10.25"]
[SourceVersion "1"]
[SourceVersionDate "2016.10.25"]
[SourceQuality "1"]

1. e4 e5 2. Nf3 d6 3. d4 Nf6 4. Nc3 Nbd7 5. Bc4 Be7 6. 0-0 0-0 7. h3 c6 8. Bd3 b5 9. Ne2 Bb7 10. Ng3 a6 11. c3 Qc7 12. Be3 c5 13. Rc1 c4 14. Bb1 Rab8 15. Qd2 a5 16. a3 Ba8 17. Rfd1 Rfc8 18. Qe1 Qb7 19. Bd2 Qb6 20. Be3 Qc7 21. Bd2 Nb6 22. Bc2 Na4 23. Rb1 Nb6 1/2-1/2

[Event "GRE-ch U16 Girls"]
[Site "Greece"]
[Date "2014.07.04"]
[Round "1"]
[White "Poulopoulou, Ekaterini"]
[Black "Kotsoglou, Evi"]
[Result "1-0"]
[WhiteElo "1550"]
[BlackElo "1343"]
[PlyCount "46"]
[EventDate "2014.07.04"]
[EventType "swiss"]
[EventRounds "9"]
[EventCountry "GRE"]
[SourceTitle "EXT 2017"]
[Source "ChessBase"]
[SourceDate "2016.10.25"]
[SourceVersion "1"]
[SourceVersionDate "2016.10.25"]
[SourceQuality "1"]

1. e4 e5 2. Nf3 Nc6 3. Bb5 Nge7 4. d3 g6 5. c3 Bg7 6. 0-0 0-0 7. Nbd2 d6 8. Re1 h6 9. Nf1 f5 10. Ba4 f4 11. d4 Kh7 12. dxe5 dxe5 13. Qe2 g5 14. h3 g4 15. hxg4 Bxg4 16. Ng5+ hxg5 17. Qxg4 Bf6 18. Rd1 Qe8 19. Nh2 Rh8 20. Qe6 Qh5 21. Ng4 Raf8 22. Nxf6+ Rxf6 23. Qxf6 Qxd1+ 1-0

[Event "GRE-chT 42nd"]
[Site "Porto Rio"]
[Date "2014.07.03"]
[Round "7.6"]
[White "Kotsoglou, Evi"]
[Black "Kafetzi, Angeliki"]
[Result "0-1"]
[WhiteElo "1343"]
[BlackElo "1757"]
[PlyCount "42"]
[EventDate "2014.06.28"]
[EventType "team-swiss"]
[EventRounds "7"]
[EventCountry "GRE"]
[SourceTitle "CBM 161 Extra"]
[Source "ChessBase"]
[SourceDate "2014.08.29"]
[SourceVersion "1"]
[SourceVersionDate "2014.08.29"]
[SourceQuality "1"]
[WhiteTeam "Chania Kydon"]
[BlackTeam "Kavalas CN"]
[WhiteTeamCountry "GRE"]
[BlackTeamCountry "GRE"]

1. e4 c5 2. Nc3 Nc6 3. g3 g6 4. Bg2 Bg7 5. f4 d6 6. Nf3 Nf6 7. d3 Rb8 8. 0-0 0-0 9. h3 b5 10. g4 b4 11. Ne2 e6 12. Ng3 Ne8 13. f5 exf5 14. gxf5 Nd4 15. fxg6 Nxf3+ 16. Rxf3 hxg6 17. Rb1 Qh4 18. Ne2 g5 19. Bd2 g4 20. Be1 Qh7 21. hxg4 Bxg4 0-1

[Event "GRE-chT 42nd"]
[Site "Porto Rio"]
[Date "2014.07.01"]
[Round "5.6"]
[White "Psofimi, Milia"]
[Black "Kotsoglou, Evi"]
[Result "1/2-1/2"]
[WhiteElo "1438"]
[BlackElo "1343"]
[PlyCount "77"]
[EventDate "2014.06.28"]
[EventType "team-swiss"]
[EventRounds "7"]
[EventCountry "GRE"]
[SourceTitle "CBM 161 Extra"]
[Source "ChessBase"]
[SourceDate "2014.08.29"]
[SourceVersion "1"]
[SourceVersionDate "2014.08.29"]
[SourceQuality "1"]
[WhiteTeam "Peiraikos PG"]
[BlackTeam "Chania Kydon"]
[WhiteTeamCountry "GRE"]
[BlackTeamCountry "GRE"]

1. e4 e5 2. Nf3 Nc6 3. Nc3 g6 4. Bb5 Nge7 5. 0-0 Bg7 6. Re1 0-0 7. d3 h6 8. Be3 d6 9. h3 Be6 10. d4 exd4 11. Nxd4 Bd7 12. Qd2 Kh7 13. a3 Ne5 14. Be2 f5 15. exf5 Nxf5 16. Nxf5 Bxf5 17. f4 Nc6 18. Bd3 Ne7 19. Rab1 Bxd3 20. Qxd3 Nf5 21. Bf2 Qd7 22. Nd5 c6 23. Nc3 d5 24. g4 Nd6 25. Bg3 Rae8 26. Rxe8 Rxe8 27. f5 Ne4 28. fxg6+ Kxg6 29. Nxe4 Rxe4 30. Re1 Qe6 31. c3 Kf7 32. Qf3+ Kg8 33. Rxe4 dxe4 34. Qe3 a6 35. Bf2 Qd5 36. Qe2 Qe6 37. Be3 h5 38. Kg2 Qg6 39. Bd4 1/2-1/2

[Event "GRE-ch U14 Girls"]
[Site "Patras"]
[Date "2013.07.12"]
[Round "7.4"]
[White "Kokkota, Eleni"]
[Black "Kotsoglou, Evi"]
[Result "1-0"]
[WhiteElo "1484"]
[BlackElo "1343"]
[PlyCount "81"]
[EventDate "2013.07.08"]
[EventType "swiss"]
[EventRounds "9"]
[EventCountry "GRE"]
[SourceTitle "EXT 2024"]
[Source "ChessBase"]
[SourceDate "2023.10.10"]
[SourceVersion "1"]
[SourceVersionDate "2023.10.10"]
[SourceQuality "1"]

1. d4 d5 2. Nf3 Nf6 3. Bf4 Nbd7 4. e3 e6 5. c4 c6 6. a3 Be7 7. Nc3 0-0 8. Bd3 dxc4 9. Bxc4 b5 10. Bd3 a6 11. Rc1 c5 12. 0-0 Bb7 13. dxc5 Nxc5 14. Be2 Qb6 15. b4 Ncd7 16. Nb1 Rfc8 17. Qd2 Nf8 18. Rxc8 Rxc8 19. Be5 Ng6 20. Bd4 Qc7 21. Nc3 Rd8 22. Nb1 e5 23. Qc3 Qxc3 24. Bxc3 Nd7 25. Rd1 f5 26. Nfd2 Kf7 27. Nb3 Nf6 28. Rxd8 Bxd8 29. Nc5 Bc8 30. a4 bxa4 31. Nxa6 Bd7 32. Nc5 Be8 33. b5 Nd5 34. Bc4 Nge7 35. Bxe5 Ba5 36. Nxa4 Kf8 37. Bd6 Nb6 38. Nxb6 Bxb6 39. Nc3 Bf7 40. Bxf7 Kxf7 41. Bxe7 1-0

[Event "GRE-ch U18 Girls"]
[Site "Chania"]
[Date "2013.01.07"]
[Round "8.4"]
[White "Kotsoglou, Evi"]
[Black "Androni, Dimitra Alexandra"]
[Result "0-1"]
[WhiteElo "1296"]
[BlackElo "1582"]
[PlyCount "58"]
[EventDate "2013.01.02"]
[EventType "swiss"]
[EventRounds "9"]
[EventCountry "GRE"]
[SourceTitle "EXT 2024"]
[Source "ChessBase"]
[SourceDate "2023.10.10"]
[SourceVersion "1"]
[SourceVersionDate "2023.10.10"]
[SourceQuality "1"]

1. e4 d5 2. exd5 Qxd5 3. Nc3 Qa5 4. Bc4 Nf6 5. d3 c6 6. Bd2 Qc7 7. Qe2 e6 8. h3 Bd6 9. g3 b5 10. Bb3 Bb7 11. f4 a6 12. Nf3 c5 13. a3 Nc6 14. Ne4 Nxe4 15. dxe4 c4 16. Ba2 e5 17. f5 f6 18. g4 Nd4 19. Nxd4 exd4 20. Qf3 Bg3+ 21. Kd1 0-0-0 22. Rf1 Rhe8 23. Bf4 Bxf4 24. Qxf4 Qxf4 25. Rxf4 Rxe4 26. Rxe4 Bxe4 27. a4 d3 28. c3 d2 29. Ke2 Bc2 0-1

[Event "GRE-ch U18 Girls"]
[Site "Chania"]
[Date "2013.01.05"]
[Round "5.4"]
[White "Hnara, Maria Danai"]
[Black "Kotsoglou, Evi"]
[Result "1-0"]
[WhiteElo "1670"]
[BlackElo "1296"]
[PlyCount "51"]
[EventDate "2013.01.02"]
[EventType "swiss"]
[EventRounds "9"]
[EventCountry "GRE"]
[SourceTitle "EXT 2024"]
[Source "ChessBase"]
[SourceDate "2023.10.10"]
[SourceVersion "1"]
[SourceVersionDate "2023.10.10"]
[SourceQuality "1"]

1. e4 e5 2. f4 d6 3. Nf3 Nc6 4. Bc4 h6 5. d3 Nf6 6. Nc3 Bg4 7. h3 Bxf3 8. Qxf3 Nd4 9. Qf2 Be7 10. Be3 Nc6 11. Nd5 Qd7 12. Bb5 a6 13. Bxc6 Qxc6 14. Nxe7 Kxe7 15. fxe5 dxe5 16. Qg3 Nd7 17. Rf1 Rhg8 18. 0-0-0 Raf8 19. d4 Rd8 20. dxe5 Qxe4 21. Qf2 Qc4 22. e6 Ne5 23. Bc5+ Ke8 24. exf7+ Qxf7 25. Qxf7+ Nxf7 26. Rfe1+ 1-0

[Event "GRE-ch U18 Girls"]
[Site "Chania"]
[Date "2013.01.05"]
[Round "6.6"]
[White "Kotsoglou, Evi"]
[Black "Vrana, Eirini"]
[Result "1/2-1/2"]
[WhiteElo "1296"]
[BlackElo "1359"]
[PlyCount "79"]
[EventDate "2013.01.02"]
[EventType "swiss"]
[EventRounds "9"]
[EventCountry "GRE"]
[SourceTitle "EXT 2024"]
[Source "ChessBase"]
[SourceDate "2023.10.10"]
[SourceVersion "1"]
[SourceVersionDate "2023.10.10"]
[SourceQuality "1"]

1. e4 c5 2. f4 d6 3. Nf3 Nf6 4. Bb5+ Nbd7 5. Nc3 e6 6. d3 a6 7. Bxd7+ Qxd7 8. 0-0 b5 9. a3 Bb7 10. Qe1 Be7 11. Qg3 0-0 12. Nh4 b4 13. axb4 cxb4 14. Ne2 Nh5 15. Qh3 Bxh4 16. Qxh4 Nf6 17. Qg3 Rfc8 18. Nd4 Rc5 19. Be3 Rh5 20. Qf3 e5 21. Nf5 Rxf5 22. g4 Rxf4 23. Bxf4 exf4 24. h3 d5 25. e5 d4 26. Qxf4 Qd5 27. Qg3 Nd7 28. Rae1 Re8 29. Re4 Rxe5 30. Rxe5 Nxe5 31. Re1 f6 32. Kf2 Qf3+ 33. Qxf3 Bxf3 34. Rxe5 fxe5 35. Kxf3 Kf7 36. Ke4 Ke6 37. b3 a5 38. h4 g6 39. Kf3 h6 40. Ke4 1/2-1/2

[Event "GRE-ch U18 Girls"]
[Site "Chania"]
[Date "2013.01.04"]
[Round "4.2"]
[White "Markaki, Sofia"]
[Black "Kotsoglou, Evi"]
[Result "1-0"]
[WhiteElo "1667"]
[BlackElo "1296"]
[PlyCount "93"]
[EventDate "2013.01.02"]
[EventType "swiss"]
[EventRounds "9"]
[EventCountry "GRE"]
[SourceTitle "EXT 2024"]
[Source "ChessBase"]
[SourceDate "2023.10.10"]
[SourceVersion "1"]
[SourceVersionDate "2023.10.10"]
[SourceQuality "1"]

1. e4 e5 2. Nf3 Qe7 3. Bc4 d6 4. 0-0 g6 5. d4 c6 6. c3 Bg7 7. dxe5 dxe5 8. Ng5 Nh6 9. h3 0-0 10. Be3 Kh8 11. Qb3 b5 12. Be2 f5 13. Qb4 Qf6 14. exf5 Nxf5 15. Ne4 Qe6 16. Nc5 Qf6 17. Ne4 Qe6 18. Bg5 a5 19. Qb3 Qe8 20. a4 Be6 21. Qc2 Bd7 22. Nc5 Nd6 23. Nxd7 Qxd7 24. Rd1 Qc7 25. Bf3 Ra6 26. Na3 Rb6 27. Be3 Ra6 28. Bc5 Rd8 29. Bxd6 Rxd6 30. axb5 cxb5 31. Nxb5 Rxd1+ 32. Rxd1 Qe7 33. Qd3 Rf6 34. Nd6 Bf8 35. Ne4 Rf7 36. Qb5 Qc7 37. Rd5 Nc6 38. Ng5 Rf6 39. Ne4 Re6 40. Nc5 Rf6 41. Rd7 Qc8 42. Bg4 Qe8 43. Ne4 Re6 44. Bxe6 Qxe6 45. Rd6 Bxd6 46. Qxc6 Qf5 47. Qxd6 1-0

[Event "Mediterranean-ch U20 4th"]
[Site "Chania"]
[Date "2012.09.02"]
[Round "8"]
[White "Kotsoglou, Evi"]
[Black "Papadakis, Georgios D"]
[Result "1-0"]
[WhiteElo "1278"]
[BlackElo "1597"]
[PlyCount "61"]
[EventDate "2012.08.28"]
[EventType "swiss"]
[EventRounds "9"]
[EventCountry "GRE"]
[SourceTitle "CBM 150 Extra"]
[Source "ChessBase"]
[SourceDate "2012.10.19"]
[SourceVersion "1"]
[SourceVersionDate "2012.10.19"]
[SourceQuality "1"]

1. e4 c5 2. Nc3 d6 3. f4 g6 4. Nf3 Bg7 5. Be2 Nc6 6. 0-0 Nf6 7. Qe1 Nd4 8. Bd1 0-0 9. d3 Nd7 10. Qh4 Bf6 11. Ng5 Bxg5 12. Qxg5 e5 13. Qg3 f6 14. f5 g5 15. h4 h6 16. Kf2 Kg7 17. Rh1 Nb6 18. Ne2 Bd7 19. c3 Nxe2 20. Bxe2 Be8 21. Be3 Bf7 22. Rh3 Qe7 23. Rah1 Rh8 24. hxg5 hxg5 25. Qg4 Rxh3 26. Qxh3 Kf8 27. Qh8+ Bg8 28. Rh6 Nd7 29. Bxg5 Qg7 30. Rxf6+ Nxf6 31. Bh6 1-0